Responses for Show #1864 - Thursday, October 15, 1992

Game entered from audiorecording.

Contestants

[<< previous game]

Phil Cummings, an animator from Encino, California

Lynn Loper, a records evaluator from Newark, Delaware

Joanna Defenderfer, a marketing director originally from Cambridge, Massachusetts

[next game >>]

Jeopardy! Round responses

THE BODY HUMAN
MOVIE MUSICALS
FRENCH COOKING
HISTORIC AMERICA
GARDENING
CAUSTIC QUOTES
    $100 1
the teeth

Phil
    $100 18
"Getting To Know You"

Lynn
    $100 24
the pit

Phil
    $100 3
Ford's Theater

Lynn
    $100 9
weeping

Lynn
    $100 8
Chicago

Lynn
    $200 2
a canal

Phil
    $200 19
Paint Your Wagon

Joanna
    $200 27
mushrooms

Joanna
    $200 4
Lexington & Concord

Lynn
    $200 10
the orchid

Joanna
    $200 12
a cat

Lynn
    $300 15
the jugular vein

Joanna
    $300 20
Blue Hawaii

Phil
    $300 28
lamb

Lynn
    $300 5
Dred Scott

Lynn
    $300 11
gophers

Phil
    $300 21
opera

Lynn
    $400 16
the brain

Lynn
    $400 22
An American in Paris

Lynn
    $400 29
an eel

Phil
    $400 6
Joseph Smith

Phil
    $400 13
nitrogen

Lynn
    $400 25
polo

Joanna
    $1,000 17
(Lynn: What is the knee?)

the wrist

Lynn
    $500 23
"The Lullaby Of Broadway"

Lynn
    $500 30
mayonnaise

Triple Stumper
    $500 7
the French & Indian War

Phil
    $500 14
a perennial

Phil
    $500 26
California

Phil

Scores at the first commercial break (after clue 13):

Joanna Lynn Phil
$200 $1,400 $1,500

Scores at the end of the Jeopardy! Round:

Joanna Lynn Phil
$1,300 $2,400 $3,300

Double Jeopardy! Round responses

RICHARD NIXON
RELIGION
MOSCOW
LITERATURE
NOTORIOUS
MONEY MATTERS
    $200 2
Quakers

Lynn
    $200 8
North America

Lynn
    $200 7
McDonald's

Lynn
    $200 1
Mark Twain

Phil
    $200 26
(Alex: And we have less than a minute to go.)

Al Capone

Phil
    $200 21
Dow Jones

Phil
    $400 3
Patricia

Phil
    $400 9
Rome

Lynn
    $400 13
Napoleon

Phil
    $400 17
Nabokov

Joanna
    $400 27
his ship

Triple Stumper
    $400 22
sterling

Phil
    $2,500 4
Milhous

Phil
    $600 10
Boston

Lynn
    $600 14
the Kremlin

Lynn
    $600 18
(Phil: Who is Ivanhoe?)

Rob Roy

Phil
Triple Stumper
    $600 28
Lee Harvey Oswald

Lynn
    $600 23
tax

Joanna
    $800 5
Duke

Phil
    $800 11
Sun Myung Moon

Joanna
    $800 15
the Bolshoi

Phil
    $2,000 19
A Farewell to Arms

Joanna
    $800 29
birds

Lynn
    $800 24
a proxy

Phil
    $1000 6
(Lynn: What is Whittier?)

Yorba Linda

LynnPhil
    $1000 12
Islam

Phil
    $1000 16
St. Basil's

Lynn
    $1000 20
(Albert) Camus

Phil
    $1000 30
Sing Sing

Lynn
    $1000 25
Adam Smith

Phil

Scores at the end of the Double Jeopardy! Round:

Joanna Lynn Phil
$5,100 $7,000 $13,400

[wagering suggestions for these scores]

Final Jeopardy! Round responses

ANIMALS
JoannaWhat is a Maryland Spaniel?
$5,100
LynnWhat is the Chesapeake Bay Retriever?
$7,000
PhilWhat are beagles?
$601
the Chesapeake (Bay Retriever)

Final scores:

Joanna Lynn Phil
$0 $14,000 $12,799
3rd place: Samsung fax machine New champion: $14,000 2nd place: trip to Hilton Head Island

Game dynamics:

Coryat scores:

Joanna Lynn Phil
$3,900 $8,000 $11,500
9 R
(including 1 DD),
0 W
23 R,
2 W
(including 1 DD)
24 R
(including 1 DD),
1 W

Combined Coryat: $23,400

[game clues] [game scores] [suggest correction]

Game tape date: 1992-08-11
The J! Archive is created by fans, for fans. Scraping, republication, monetization, and malicious use prohibited; this site may use cookies and collect identifying information. See terms. The Jeopardy! game show and all elements thereof, including but not limited to copyright and trademark thereto, are the property of Jeopardy Productions, Inc. and are protected under law. This website is not affiliated with, sponsored by, or operated by Jeopardy Productions, Inc. Join the discussion at JBoard.tv.